00649nam a2200217 a 450000100060000000300080000600500170001400800410003102000150007203500190008704000350010604100080014108200290014924501050017826000470028330000230033050000190035350500200037265000210039270000180041366972BD-RjUL20211209081612.0170321s1999 ii a|||| |||| 001 0 eng d a8173192855 a(BD-RjUL)67103 aBD-RjULbengcBD-RjULdBD-RjUL aeng 223a621.381045bOPT 199910aOptics and optoelectronics :btheory, devices and applications /ceditors O P Nijhawan... [et al.].  aNew Delhi :bNarosa Publishig House,c1999 av. :bill.c27 cm. aIncludes index aV. 1 -- V. 2 -- aOptoelectronics. aNijhawan, O P